Thiết kế và lắp ráp thiết bị tàu thủy
Những vấn đề chung về hệ trục động học tàu; Thiết bị hệ trục, tính toán sức bền hệ trục; Thiết kế, gia công và lắp ráp hệ trục và đặt máy trên tàu; Thử nghiệm động cơ, thiết bị mặt boong; Nghề cá và tàu cá...
Na minha lista:
| Autor principal: | |
|---|---|
| Formato: | Livro |
| Idioma: | Undetermined |
| Publicado em: |
Hà Nội
Khoa học và Kỹ thuật
2000
|
| Assuntos: | |
| Tags: |
Adicionar Tag
Sem tags, seja o primeiro a adicionar uma tag!
|
| Thư viện lưu trữ: | Trung tâm Học liệu Trường Đại học Cần Thơ |
|---|
| LEADER | 00991nam a2200217Ia 4500 | ||
|---|---|---|---|
| 001 | CTU_40370 | ||
| 008 | 210402s9999 xx 000 0 und d | ||
| 020 | |c 65000 | ||
| 082 | |a 623.82 | ||
| 082 | |b C561 | ||
| 100 | |a Nguyễn, Đăng Cường | ||
| 245 | 0 | |a Thiết kế và lắp ráp thiết bị tàu thủy | |
| 245 | 0 | |c Nguyễn Đăng Cường | |
| 260 | |a Hà Nội | ||
| 260 | |b Khoa học và Kỹ thuật | ||
| 260 | |c 2000 | ||
| 520 | |a Những vấn đề chung về hệ trục động học tàu; Thiết bị hệ trục, tính toán sức bền hệ trục; Thiết kế, gia công và lắp ráp hệ trục và đặt máy trên tàu; Thử nghiệm động cơ, thiết bị mặt boong; Nghề cá và tàu cá | ||
| 650 | |a Machine design,Machine parts,Ships | ||
| 650 | |x Equipment and supplies | ||
| 904 | |i Minh | ||
| 980 | |a Trung tâm Học liệu Trường Đại học Cần Thơ | ||